| 000 | 00490nam a2200193Ia 4500 | ||
|---|---|---|---|
| 003 | OSt | ||
| 005 | 20220630142034.0 | ||
| 008 | 210210b1973 xxu||||| |||| 00| 0 eng d | ||
| 040 | _cAL | ||
| 041 | _aeng | ||
| 082 | _a330.91 AGAE | ||
| 100 |
_aAGARWAL (M C) and MONGA (J R) _946270 |
||
| 245 | _aEconomic and commercial geography | ||
| 260 |
_aDelhi _bNational publishing house _c1973 |
||
| 300 | _axvi,547 | ||
| 690 |
_aEconomic Geography _946271 |
||
| 906 | _a030720 | ||
| 942 |
_2ddc _cBK |
||
| 999 |
_c81946 _d81946 |
||